[Event "Ch Slovakia (team) 1999/00 (1 liga) East"]
[Site "masterchessopen.com - Slovakia"]
[Round "4"]
[White "Klemanic Emil (SVK)"]
[Black "Valent Ivan (SVK)"]
[Result "1-0"]
[WhiteElo "2294"]
[BlackElo "2207"]

1.d4 Nf6 2.Nf3 d6 3.c4 Nbd7 4.Nc3 e5 5.e4 Be7 6.Be2 c6 7.O-O O-O 8.h3 Re8
9.Qc2 Bf8 10.Rb1 exd4 11.Nxd4 Nc5 12.Bf3 a5 13.Bf4 Nfd7 14.Rbd1 Qf6 15.Bg3 Ne5
16.Be2 Ne6 17.Nf5 Rd8 18.f4 Ng6 19.e5 dxe5 20.fxe5 Nxe5 21.Ne4 Nf3+ 22.Rxf3
Rxd1+ 23.Bxd1 {#r} 1-0

[Event "Ch Greece (team)"]
[Site "masterchessopen.com - Athens (Greece)"]
[Round "1"]
[White "Diapetis Alexandros (GRE)"]
[Black "Lagopatis Nikolaos (GRE)"]
[Result "0-1"]
[WhiteElo "2050"]
[BlackElo "2129"]

1.d4 d6 2.Nf3 Nf6 3.c4 Nbd7 4.Nc3 e5 5.e4 Be7 6.Be2 c6 7.O-O O-O 8.Re1 h6
9.Qc2 Nh7 10.Be3 Ng5 11.Nd2 Ne6 12.Nf3 Ng5 13.Nd2 exd4 14.Bxd4 Ne6 15.Be3 Bg5
16.Bxg5 hxg5 17.g3 Ne5 18.Qd1 Qf6 19.f3 g6 20.Nb3 Kg7 21.Kg2 Rh8 22.Nd4 Nxd4
23.Qxd4 Rxh2+ 24.Kxh2 Nxf3+ 25.Bxf3 Qxd4 26.Re2 Be6 27.Rd1 Rh8+ 28.Kg2 Bh3+
29.Kh1 Bf1+ 30.Rh2 Rxh2+ {#R} 0-1

[Event "It (open)"]
[Site "masterchessopen.com - Bad Wildbad (Germany)"]
[Round "2"]
[White "Henrich Thomas (GER)"]
[Black "Djeno Mara (CRO)"]
[Result "1-0"]
[WhiteElo "2159"]
[BlackElo "2192"]

1.d4 Nf6 2.c4 d6 3.Nc3 Nbd7 4.Nf3 e5 5.e4 Be7 6.Be2 O-O 7.O-O Re8 8.Qc2 exd4
9.Nxd4 Nc5 10.Rd1 Bf8 11.f3 h6 12.Be3 a5 13.Bf1 c6 14.Nxc6 bxc6 15.Bxc5 Qc7
16.Bd4 Nh7 17.a3 Bb7 18.Bf2 Nf6 19.Na4 Nd7 20.b4 axb4 21.axb4 d5 22.cxd5 Bxb4
23.Rdc1 c5 24.Bb5 {#r} 1-0

[Event "It (open)"]
[Site "masterchessopen.com - Bali (Indonesia)"]
[Round "6"]
[White "Johansen Darryl K (AUS)"]
[Black "Kosasih Cecep (INA)"]
[Result "0-1"]
[WhiteElo "2505"]
[BlackElo "2365"]

1.c4 e5 2.Nc3 Nf6 3.Nf3 d6 4.d4 Nbd7 5.e4 Be7 6.Be2 O-O 7.O-O Re8 8.Re1 h6
9.Bf1 Nh7 10.d5 Ndf8 11.Nd2 Ng6 12.g3 Rf8 13.Bg2 Bd7 14.Nf1 Bg5 15.Ne3 Ne7
16.Qb3 b6 17.Qc2 f5 18.exf5 Nxf5 19.Nxf5 Bxf5 20.Be4 Qd7 21.b4 Bxc1 22.Raxc1
Ng5 23.Bxf5 Nf3+ 24.Kh1 Rxf5 25.Re3 Raf8 26.Qe4 Nxh2 27.Kxh2 Rxf2+ {#R} 0-1

[Event "It (open)"]
[Site "masterchessopen.com - Bern (Switzerland)"]
[Round "1"]
[White "Horvath Csaba (HUN)"]
[Black "Kewes Gerd (GER)"]
[Result "1-0"]
[WhiteElo "2513"]
[BlackElo "2222"]

1.d4 Nf6 2.c4 d6 3.Nc3 Nbd7 4.e4 e5 5.Nf3 Be7 6.Be2 c6 7.O-O Qc7 8.Be3 O-O
9.d5 Ng4 10.Bd2 Ngf6 11.b4 cxd5 12.cxd5 Re8 13.Rc1 Nf8 14.Nb5 Qd8 15.Nc7 Bd7
16.Nxa8 Qxa8 17.Qc2 Ng6 18.Rfe1 h6 19.Bf1 a6 20.a4 Rf8 21.Qb3 Ng4 22.h3 Nf6
23.b5 a5 24.b6 Nh5 25.Rc7 Bc8 26.Qc3 {#r} 1-0

[Event "It (b)"]
[Site "masterchessopen.com - Budapest (Hungary)"]
[Round "1"]
[White "Szeberenyi Adam (HUN)"]
[Black "Morrison Chris (SCO)"]
[Result "1-0"]
[WhiteElo "2357"]
[BlackElo "2176"]

1.d4 d6 2.c4 Nf6 3.Nc3 Nbd7 4.e4 e5 5.Nf3 Be7 6.Be2 O-O 7.O-O c6 8.d5 a6 9.Be3
cxd5 10.cxd5 b5 11.b4 Nb6 12.Nd2 Bd7 13.h3 Qb8 14.Qb1 Rc8 15.Rc1 h6 16.a3 Ra7
17.Ra2 Rac7 18.Rac2 Nh7 19.Nb3 f5 20.f3 Bg5 21.Bxg5 Nxg5 22.Na5 Qa7 23.Kh2
fxe4 24.fxe4 Nxe4 25.Nxe4 Rxc2 26.Rxc2 Rxc2 27.Qxc2 Nxd5 28.Nxd6 {#r} 1-0

[Event "Ch England (team) 2000/01 (3 div)"]
[Site "masterchessopen.com - England"]
[Round "4"]
[White "Lewis Andrew P (ENG)"]
[Black "Trevelyan John (WLS)"]
[Result "1-0"]
[WhiteElo "2259"]
[BlackElo "2138"]

1.c4 d6 2.d4 e5 3.Nc3 Nf6 4.Nf3 Nbd7 5.e4 Be7 6.h3 O-O 7.Be3 h6 8.Qc2 c6 9.Be2
Nh7 10.O-O-O Bf6 11.d5 c5 12.h4 Nb8 13.Rdg1 Na6 14.Qd2 Nc7 15.g4 g5 16.hxg5
Bxg5 17.Rxh6 Bxh6 18.Bxh6 Re8 19.g5 Nf8 20.g6 Nxg6 21.Bg5 Qd7 22.Rg3 Rf8
23.Nh4 Kh7 24.Nf5 f6 25.Bxf6 Rxf6 26.Qh6+ Kg8 27.Rxg6+ Rxg6 28.Qxg6+ Kf8
29.Bh5 Ne8 30.Qh6+ {#r} 1-0

[Event "Ch Austria"]
[Site "masterchessopen.com - Frohnleiten (Austria)"]
[Round "7"]
[White "Baumegger Siegfried (AUT)"]
[Black "Roth Peter (AUT)"]
[Result "1-0"]
[WhiteElo "2391"]
[BlackElo "2307"]

1.c4 Nf6 2.Nc3 d6 3.d4 Nbd7 4.Nf3 e5 5.e4 Be7 6.g3 O-O 7.Bg2 c6 8.O-O Qc7 9.h3
a6 10.Be3 b5 11.cxb5 axb5 12.Qc2 b4 13.Nd5 Nxd5 14.exd5 exd4 15.Nxd4 c5 16.Bf4
Bf6 17.Nb5 Qb6 18.Nxd6 Ba6 19.Rfe1 g5 20.Qf5 {#r} 1-0

[Event "Bundesliga (2nd) 1999/00"]
[Site "masterchessopen.com - Germany"]
[Round "0"]
[White "Niklasch Oliver (GER)"]
[Black "Schettler Juergen (GER)"]
[Result "0-1"]
[WhiteElo "2351"]
[BlackElo "2183"]

1.d4 Nf6 2.c4 d6 3.Nc3 e5 4.Nf3 Nbd7 5.e4 c6 6.Be2 Be7 7.O-O a6 8.Be3 Ng4
9.Bd2 O-O 10.d5 cxd5 11.cxd5 b5 12.b4 Nb6 13.a4 bxa4 14.Nxa4 f5 15.exf5 Bxf5
16.Qb3 Bf6 17.Bc3 Bd7 18.Nxb6 Qxb6 19.Rad1 Rac8 20.Bb2 a5 21.b5 Rb8 22.h3 Nxf2
23.Rxf2 Bh4 24.Rf1 Bxf2+ 25.Rxf2 Bxb5 26.Ba3 e4 27.Qxb5 Qxb5 28.Bxb5 Rxb5
29.Ng5 Rb1+ {#R} 0-1

[Event "It (open)"]
[Site "masterchessopen.com - Leutersdorf (Germany)"]
[Round "9"]
[White "Krivoshey Sergei (UKR)"]
[Black "Boidman Yuri (GER)"]
[Result "0-1"]
[WhiteElo "2429"]
[BlackElo "2442"]

1.d4 Nf6 2.Nf3 d6 3.c4 Nbd7 4.Nc3 e5 5.e4 c6 6.Be2 Be7 7.O-O O-O 8.h3 a6 9.Be3
b5 10.a3 Bb7 11.cxb5 cxb5 12.d5 Nb6 13.b4 Rc8 14.Rc1 Rxc3 15.Rxc3 Nxe4 16.Bxb6
Qxb6 17.Rd3 f5 18.Nd2 Bh4 19.Nxe4 fxe4 20.Rd2 Rxf2 21.Kh1 e3 22.Rd3 Rxf1+
23.Qxf1 Bf2 24.Qc1 g6 25.Bg4 Kg7 26.Qd1 Qc7 27.Be6 h5 28.Kh2 Qc4 29.Qf3 Qf4+
30.Qxf4 exf4 {#R} 0-1

[Event "Ch Norway (team) 2000/01"]
[Site "masterchessopen.com - Norway"]
[Round "3"]
[White "Elsness Frode (NOR)"]
[Black "Ludvigsen Frode (NOR)"]
[Result "1-0"]
[WhiteElo "2383"]
[BlackElo "2190"]

1.d4 d6 2.c4 e5 3.Nf3 Nd7 4.e4 Ngf6 5.Nc3 c6 6.Be2 Be7 7.O-O O-O 8.Be3 Qc7
9.d5 Nb6 10.Nd2 Nfd7 11.b4 f5 12.exf5 cxd5 13.Nxd5 Nxd5 14.cxd5 Rxf5 15.Rc1
Qd8 16.Qa4 Nb6 17.Bxb6 {#r} 1-0

[Event "It (open) (a)"]
[Site "masterchessopen.com - Paris (France)"]
[Round "4"]
[White "Le Dortz Anthony (FRA)"]
[Black "Hohner Frederic (FRA)"]
[Result "1-0"]
[WhiteElo "2090"]
[BlackElo "1940"]

1.Nf3 Nf6 2.d4 d6 3.c4 Nbd7 4.Nc3 e5 5.e4 Be7 6.Be2 O-O 7.O-O c6 8.Re1 Qc7
9.Bg5 Re8 10.Rc1 Qb8 11.Bf1 a6 12.d5 a5 13.a3 Nf8 14.h3 Bd7 15.Qd2 Rd8 16.Be3
Rc8 17.Na4 Nxe4 18.Qe2 Nc5 19.Bxc5 dxc5 20.Nb6 Bd6 21.Nxc8 Qxc8 22.Nxe5 Bf5
23.dxc6 Ne6 24.cxb7 Qxb7 25.Qf3 Qb8 26.Qxf5 Nd4 27.Qxf7+ Kh8 28.Qd5 {#r} 1-0

[Event "Ch France (juniors)"]
[Site "masterchessopen.com - Pau (France)"]
[Round "4"]
[White "Cossin Sebastien (FRA)"]
[Black "Alanic Mickael (FRA)"]
[Result "1-0"]
[WhiteElo "2107"]
[BlackElo "2225"]

1.c4 d6 2.Nc3 Nd7 3.d4 Ngf6 4.e4 e5 5.Nf3 g6 6.Be2 Bg7 7.dxe5 dxe5 8.O-O O-O
9.Nd2 Ne8 10.a3 Nc5 11.b4 Ne6 12.Nb3 Nd4 13.Bb2 Be6 14.Nc5 Qg5 15.Bc1 Qe7
16.Nxb7 f5 17.Nc5 Rd8 18.Bd3 Nd6 19.Nd5 Bxd5 20.exd5 e4 21.Re1 Be5 22.Rb1 exd3
23.Qxd3 Ne4 24.Nxe4 fxe4 25.Rxe4 Rde8 26.Bb2 Bxh2+ 27.Kxh2 Qxe4 28.Qxd4 Qe7
29.Qh8+ {#r} 1-0

[Event "It (open)"]
[Site "masterchessopen.com - Recklinghausen (Germany)"]
[Round "2"]
[White "Halasz Tamas (HUN)"]
[Black "Mueller Herbert (GER)"]
[Result "1-0"]
[WhiteElo "2373"]
[BlackElo "2129"]

1.Nf3 Nf6 2.d4 d6 3.c4 Nbd7 4.Nc3 e5 5.e4 c6 6.Be2 Be7 7.O-O a6 8.Be3 O-O
9.Rb1 b5 10.b4 Bb7 11.Qc2 Ng4 12.Bd2 exd4 13.Nxd4 Nge5 14.cxb5 axb5 15.a4 bxa4
16.Nxa4 c5 17.bxc5 Bxe4 18.Qxe4 Rxa4 19.cxd6 Bxd6 20.Be3 Nc5 21.Qc2 Qa8 22.Nf5
Qe4 23.Qxe4 Nxe4 24.Nxd6 Nxd6 25.Bc5 Ra2 26.Bxd6 Rxe2 27.Bxf8 Kxf8 28.Rfe1
{#r} 1-0

[Event "It (cat.4)"]
[Site "masterchessopen.com - Sisak (Croatia)"]
[Round "2"]
[White "Takac Zvonko (CRO)"]
[Black "Brigljevic Milan (CRO)"]
[Result "0-1"]
[WhiteElo "2160"]
[BlackElo "2255"]

1.d4 Nf6 2.c4 d6 3.Nf3 Nbd7 4.Nc3 e5 5.e4 c6 6.Be2 Be7 7.h3 O-O 8.O-O Re8
9.Re1 a6 10.Qc2 b5 11.b3 Bb7 12.Be3 exd4 13.Nxd4 b4 14.Na4 c5 15.Nf5 Bxe4
16.Nxe7+ Rxe7 17.Qd2 Ne8 18.Rad1 Qc7 19.Bf4 Ne5 20.Bh2 Rb8 21.Bf1 Bf5 22.g4
Nf3+ {#R} 0-1

[Event "Ch Chess Club (open)"]
[Site "masterchessopen.com - Tula (Russia)"]
[Round "4"]
[White "Ponomarenko Viktor (RUS)"]
[Black "Koshil Tikhon (RUS)"]
[Result "0-1"]
[WhiteElo "2185"]
[BlackElo "2189"]

1.d4 Nf6 2.c4 d6 3.Nc3 Nbd7 4.e4 e5 5.Nf3 Be7 6.Be2 O-O 7.O-O Re8 8.Bg5 exd4
9.Qxd4 Nc5 10.Rfe1 Ncxe4 11.Nxe4 Nxe4 12.Bxe7 Rxe7 13.Bd3 Nf6 14.Rxe7 Qxe7
15.Re1 Qf8 16.Qh4 h6 17.h3 Bd7 18.Qd4 c5 19.Qf4 Bc6 20.Nh4 Re8 21.Rd1 Qe7
22.Nf5 Qe5 23.Qc1 Ne4 24.g4 Nxf2 {#R} 0-1

[Event "It (open)"]
[Site "masterchessopen.com - Cullera (Spain)"]
[Round "4"]
[White "Moskalenko Viktor (UKR)"]
[Black "Garcia Fernandez Carlos (ESP)"]
[Result "1-0"]
[WhiteElo "2522"]
[BlackElo "2400"]

1.d4 d6 2.Nf3 Nd7 3.e4 e5 4.c4 Ngf6 5.Nc3 Be7 6.g3 O-O 7.Bg2 c6 8.O-O Re8 9.h3
Bf8 10.Be3 a6 11.a4 exd4 12.Nxd4 Nc5 13.Qc2 a5 14.Rad1 Qb6 15.Rfe1 h6 16.b3 g6
17.Rb1 Bg7 18.Nce2 Kh7 19.Rbd1 Bd7 20.Bd2 {#r} 1-0

[Event "Ch Hungary (team) 2000/01 (2 liga)"]
[Site "masterchessopen.com - Hungary"]
[Round "6"]
[White "Torok Adam (HUN)"]
[Black "Demeny Antal (HUN)"]
[Result "0-1"]
[WhiteElo "2198"]
[BlackElo "2161"]

1.d4 Nf6 2.c4 d6 3.Nc3 Nbd7 4.Nf3 e5 5.e4 c6 6.h3 Be7 7.Be3 O-O 8.Be2 a6 9.O-O
b5 10.cxb5 cxb5 11.a3 Bb7 12.d5 Rc8 13.Nd2 Ne8 14.Bg4 Rc7 15.Bxd7 Qxd7 16.Rc1
f5 17.exf5 Qxf5 18.Nde4 Nf6 19.Nxf6+ Bxf6 20.f3 Bh4 21.Qd2 Rfc8 22.Bb6 Rc4
23.Be3 Qf7 24.Qd3 b4 25.axb4 Rxb4 26.Ne4 Rxc1 27.Rxc1 Qd7 28.Nxd6 Qxd6 29.Bc5
Qh6 30.Re1 Bxe1 {#R} 0-1

[Event "It (open)"]
[Site "masterchessopen.com - Kiel (Germany)"]
[Round "1"]
[White "Bekker-Jensen Simon (DEN)"]
[Black "Dettmann Steffen (GER)"]
[Result "1-0"]
[WhiteElo "2351"]
[BlackElo "2169"]

1.d4 Nf6 2.c4 d6 3.Nc3 Nbd7 4.e4 e5 5.Nf3 Be7 6.Be2 c6 7.O-O Qc7 8.h3 h6 9.Be3
g5 10.Nh2 Nf8 11.Ng4 N6d7 12.d5 Ng6 13.Bd2 Nf4 14.Rc1 h5 15.Ne3 Nf6 16.b4 Bxh3
17.gxh3 Qc8 18.Nf5 Nxe4 19.Nxe4 Qxf5 20.Bxf4 gxf4 21.Qd3 Qd7 22.Kh2 O-O-O
23.dxc6 bxc6 24.b5 f5 25.Bf3 fxe4 26.Bxe4 Kb8 27.bxc6 Qc7 28.Rb1+ Ka8 29.Rb7
{#r} 1-0

[Event "Ch Malaga"]
[Site "masterchessopen.com - Malaga (Spain)"]
[Round "2"]
[White "Morales Rosales Julio (ESP)"]
[Black "Rodriguez Sanchez Antonio J (ESP)"]
[Result "0-1"]
[WhiteElo "2047"]
[BlackElo "2001"]

1.d4 Nf6 2.c4 d6 3.Nc3 Nbd7 4.e4 e5 5.Nf3 Be7 6.Be2 O-O 7.Qc2 Re8 8.Bd2 Bf8
9.h3 a5 10.g4 exd4 11.Nxd4 Nc5 12.f3 c6 13.g5 Nh5 14.Kf2 g6 15.f4 Bg7 16.Nf3
Bxc3 17.bxc3 Nxe4+ 18.Kg2 Nxf4+ 19.Kf1 Ng3+ 20.Kg1 Rxe2 21.Qb3 Rg2# 0-1

[Event "It (open)"]
[Site "masterchessopen.com - Metz (France)"]
[Round "3"]
[White "Krivoshey Sergei (UKR)"]
[Black "Krob Laurent (FRA)"]
[Result "1-0"]
[WhiteElo "2461"]
[BlackElo "2098"]

1.d4 Nf6 2.Nf3 d6 3.c4 Nbd7 4.Nc3 e5 5.e4 Be7 6.Be2 O-O 7.O-O c6 8.Be3 Re8
9.d5 Nf8 10.Ne1 Ng6 11.Nd3 Bf8 12.f3 h5 13.Qd2 h4 14.b4 Nh5 15.dxc6 bxc6 16.b5
Be6 17.bxc6 Bxc4 18.Nd5 Bxd5 19.exd5 Ngf4 20.Nxf4 exf4 21.Bd4 Qg5 22.Bc4 g6
23.Rfe1 h3 24.Rac1 Bg7 25.Rxe8+ Rxe8 26.Bxg7 Kxg7 27.c7 Ng3 28.hxg3 Qxg3
29.Bf1 hxg2 30.Qxg2 {#r} 1-0

[Event "Ch Russia (students)"]
[Site "masterchessopen.com - Novokuznetsk (Russia)"]
[Round "3"]
[White "Iljushin Alexei (RUS)"]
[Black "Voinov Alexandr (RUS)"]
[Result "1-0"]
[WhiteElo "2516"]
[BlackElo "2239"]

1.d4 d6 2.Nf3 Nf6 3.c4 Nbd7 4.Nc3 e5 5.e4 Be7 6.Be2 O-O 7.O-O c6 8.Re1 a6 9.d5
cxd5 10.cxd5 b5 11.a3 Nb6 12.h3 Bd7 13.Be3 Qb8 14.Nd2 Na4 15.Nxa4 bxa4 16.Rb1
Bb5 17.b3 Bxe2 18.Qxe2 axb3 19.Rxb3 Qc7 20.Reb1 Rfe8 21.Qd3 Nd7 22.Rc3 Qd8
23.Rb7 Rc8 24.Rxc8 Qxc8 25.Qxa6 Nf6 26.Qa7 Kf8 27.Rc7 {#r} 1-0

[Event "Cup Itau (open)"]
[Site "masterchessopen.com - Sao Paulo (Brazil)"]
[Round "4"]
[White "Santos Marcus Vinicius Moreira (BRA)"]
[Black "Matsuura Everaldo (BRA)"]
[Result "0-1"]
[WhiteElo "2254"]
[BlackElo "2421"]

1.d4 Nf6 2.c4 d6 3.Nc3 e5 4.Nf3 Nbd7 5.e4 Be7 6.Be2 O-O 7.O-O c6 8.Rb1 a6
9.Qc2 b5 10.b4 Re8 11.a4 bxa4 12.Qxa4 Qc7 13.Bg5 exd4 14.Nxd4 Bb7 15.Nf5 Bf8
16.f3 d5 17.cxd5 cxd5 18.Rfc1 dxe4 19.Nxe4 Qe5 20.Bxf6 Nxf6 21.Nxf6+ Qxf6
22.Ng3 Bd6 23.Bf1 Bxg3 24.hxg3 Qb6+ 25.Kh2 Re6 {#R} 0-1

[Event "It (open)"]
[Site "masterchessopen.com - Schwabisch Gmund (Germany)"]
[Round "5"]
[White "Jussupow Artur (GER)"]
[Black "Deglmann Ludwig (GER)"]
[Result "1-0"]
[WhiteElo "2633"]
[BlackElo "2284"]

1.d4 d6 2.c4 Nf6 3.Nc3 Nbd7 4.e4 e5 5.Nf3 Be7 6.Be2 c6 7.O-O O-O 8.Qc2 Re8
9.Rd1 Qc7 10.Bg5 a6 11.Rac1 b6 12.Bh4 Bb7 13.c5 exd4 14.cxb6 Qxb6 15.Nxd4 c5
16.Nf5 Bf8 17.Bf3 Re6 18.Ne3 Rae8 19.Ncd5 Qa7 20.Qa4 Rxe4 21.Bxe4 Rxe4 22.Rc4
Rxc4 23.Qxc4 Nxd5 24.Nxd5 Nb6 25.Nf6+ {#r} 1-0

[Event "It (open)"]
[Site "masterchessopen.com - Zaragoza (Spain)"]
[Round "7"]
[White "Romon Poves Raul (ESP)"]
[Black "Colas Longares Rafael P (ESP)"]
[Result "1-0"]
[WhiteElo "2136"]
[BlackElo "2318"]

1.d4 Nf6 2.c4 d6 3.Nc3 Nbd7 4.Nf3 e5 5.e4 Be7 6.Be2 O-O 7.O-O c6 8.Qc2 Qc7
9.Rd1 Re8 10.Bg5 b6 11.Rac1 Bb7 12.Bh4 a6 13.c5 exd4 14.cxb6 Qxb6 15.Nxd4 c5
16.Nf5 Bf8 17.Bf3 Re6 18.Ne3 Rae8 19.Ncd5 Nxd5 20.exd5 Rxe3 21.fxe3 g6 22.e4
Bh6 23.Rb1 Be3+ 24.Bf2 Bxf2+ 25.Qxf2 Ne5 26.b4 Qc7 27.bxc5 dxc5 28.d6 Qc6
29.d7 Rd8 30.Qb2 {#r} 1-0

[Event "It (open)"]
[Site "masterchessopen.com - Bad Harzburg (Germany)"]
[Date "2001.11.03"]
[Round "5"]
[White "Heber Gernot (GER)"]
[Black "Grosse Stefan (GER)"]
[Result "1-0"]
[WhiteElo "2016"]
[BlackElo "1953"]

1.d4 Nf6 2.c4 d6 3.Nc3 Nbd7 4.e4 e5 5.Nf3 c6 6.Be2 Be7 7.O-O a5 8.b3 Qc7 9.Bb2
O-O 10.Rc1 b6 11.Rc2 Ba6 12.Re1 Ne8 13.Bd3 g6 14.Qc1 Bf6 15.Qh6 Bg7 16.Qh4
exd4 17.Nb5 Bxb5 18.cxb5 c5 19.Bxd4 Ne5 20.Nxe5 dxe5 21.Be3 Qd8 22.Qxd8 Rxd8
23.Bc4 Nc7 24.Kf1 Rd7 25.Ke2 Re8 26.Rd1 Rxd1 27.Kxd1 Rd8+ 28.Rd2 Rxd2+ 29.Kxd2
Kf8 30.Bxc5+ {#r} 1-0

[Event "Ch Ukraine (team)"]
[Site "masterchessopen.com - Alushta (Ukraine)"]
[Round "4"]
[White "Shneider Aleksandr (UKR)"]
[Black "Ivanov Oleg (RUS)"]
[Result "1-0"]
[WhiteElo "2511"]
[BlackElo "2425"]

1.d4 Nf6 2.c4 d6 3.Nf3 Nbd7 4.Nc3 e5 5.e4 Be7 6.Be2 O-O 7.O-O c6 8.Qc2 Qc7
9.Rd1 Re8 10.Rb1 a5 11.b3 exd4 12.Nxd4 Ne5 13.Be3 Nfg4 14.Bxg4 Bxg4 15.f3 Bc8
16.Qf2 g6 17.Rd2 Be6 18.Rbd1 Bf8 19.h3 Qe7 20.Nce2 Nd7 21.Bf4 Ne5 22.c5 Qf6
23.cxd6 Bd7 24.Be3 g5 25.Qg3 h6 26.h4 Bg7 27.hxg5 hxg5 28.f4 gxf4 29.Nxf4 Qh6
{#r} 1-0

[Event "It (cat.1)"]
[Site "masterchessopen.com - Budapest (Hungary)"]
[Round "1"]
[White "Berczes David (HUN)"]
[Black "Szalai Kornel (HUN)"]
[Result "1-0"]
[WhiteElo "2261"]
[BlackElo "2210"]

1.d4 Nf6 2.c4 d6 3.Nc3 Nbd7 4.Nf3 e5 5.e4 c6 6.g3 Be7 7.Bg2 a6 8.a4 O-O 9.O-O
Re8 10.h3 Rb8 11.a5 b5 12.axb6 Qxb6 13.Rb1 Qb4 14.Qe2 Bf8 15.Bd2 Qb3 16.Be3 a5
17.g4 h6 18.h4 Ba6 19.Nd2 Qb7 20.g5 hxg5 21.hxg5 Nh7 22.f4 exf4 23.Bxf4 f5
24.Qh5 fxe4 25.Bxe4 {#r} 1-0

[Event "Memorial M.Najdorf (open)"]
[Site "masterchessopen.com - Buenos Aires (Argentina)"]
[Round "7"]
[White "Dellepiani Fernando (ARG)"]
[Black "Del Cuadro Nestor (ARG)"]
[Result "0-1"]
[WhiteElo "2136"]
[BlackElo "2186"]

1.d4 Nf6 2.Nf3 d6 3.c4 Nbd7 4.Nc3 e5 5.e4 c6 6.Be2 Be7 7.O-O O-O 8.c5 Qc7
9.cxd6 Bxd6 10.dxe5 Nxe5 11.Nxe5 Bxe5 12.f4 Qb6+ 13.Kh1 Bxc3 14.bxc3 Nxe4
15.Qe1 Re8 16.Bd3 Bf5 17.g4 Bxg4 18.Rb1 Qd8 19.Bxe4 Bf5 {#R} 0-1

[Event "It (open)"]
[Site "masterchessopen.com - Charleroi (Belgium)"]
[Round "4"]
[White "Houdart David (BEL)"]
[Black "Giadrosic Dinko (BEL)"]
[Result "1-0"]
[WhiteElo "2144"]
[BlackElo "1963"]

1.Nf3 d6 2.d4 Nf6 3.c4 Nbd7 4.Nc3 e5 5.e4 Be7 6.Be2 O-O 7.O-O c6 8.Re1 Qc7
9.b4 d5 10.exd5 Bxb4 11.Qb3 Bxc3 12.Qxc3 e4 13.dxc6 exf3 14.cxd7 fxe2
15.dxc8=Q Raxc8 16.c5 Rfe8 17.Be3 Ng4 18.g3 b6 19.Rac1 bxc5 20.Rxe2 Qb7
21.dxc5 Nxe3 22.fxe3 Qf3 23.Rf2 {#r} 1-0

[Event "Ch France (team) (2) 2002/03"]
[Site "masterchessopen.com - France"]
[Round "4"]
[White "Delaunay Sebastien (FRA)"]
[Black "Herdier Goulwenn (FRA)"]
[Result "1-0"]
[WhiteElo "2315"]
[BlackElo "2199"]

1.Nf3 Nf6 2.c4 d6 3.d4 Nbd7 4.Nc3 e5 5.e4 Be7 6.Be2 O-O 7.O-O c6 8.Be3 Re8
9.Ne1 Bf8 10.d5 h6 11.Nd3 c5 12.Rb1 Nh7 13.a3 Ndf6 14.b4 b6 15.Rb2 Ng5 16.f3
Nh5 17.Qd2 Be7 18.Bd1 Ba6 19.Ba4 Rf8 20.Bc6 Rb8 21.bxc5 dxc5 22.Bb5 Bxb5
23.Nxb5 a6 24.Na7 Qc7 25.Nc6 Ra8 26.Nxe7+ {#r} 1-0

[Event "Memorial J.Capablanca (d) (cat.2)"]
[Site "masterchessopen.com - Habana (Cuba)"]
[Round "10"]
[White "Montalvo Alejandro (PUR)"]
[Black "Arribas Maritza (CUB)"]
[Result "0-1"]
[WhiteElo "2288"]
[BlackElo "2354"]

1.d4 Nf6 2.c4 d6 3.Nc3 Nbd7 4.e4 e5 5.Nf3 Be7 6.Be2 O-O 7.O-O exd4 8.Nxd4 Re8
9.f4 Bf8 10.Bf3 Nc5 11.Re1 c6 12.Kh1 a5 13.b3 Qb6 14.Rb1 g6 15.Nc2 Qc7 16.Bb2
Bg7 17.Qd4 Qe7 18.Rbd1 Nh5 19.Qd2 Qh4 20.Bxh5 Qxh5 21.Qxd6 Bg4 22.Rd2 Ne6
23.Rf2 Rad8 24.Qa3 Bf8 25.Qa4 Nc5 26.Qxa5 Nd3 27.Qxh5 Nxf2+ 28.Kg1 Bxh5 {#R}
0-1

[Event "Memorial I.Kurass (open)"]
[Site "masterchessopen.com - Kiev (Ukraine)"]
[Round "8"]
[White "Perun Sergey (UKR)"]
[Black "Docenko Feodosi J (UKR)"]
[Result "1-0"]
[WhiteElo "2378"]
[BlackElo "2109"]

1.d4 Nf6 2.c4 d6 3.Nc3 Nbd7 4.e4 e5 5.Nf3 c6 6.Be2 Be7 7.O-O Qc7 8.Be3 O-O
9.d5 a6 10.Nd2 Re8 11.Rc1 Nf8 12.b4 N6d7 13.c5 dxc5 14.Nc4 Qd8 15.dxc6 bxc6
16.bxc5 Ne6 17.Nd6 Rf8 18.Na4 a5 19.Bc4 Bxd6 20.Qxd6 Qc7 21.Bxe6 Qxd6 22.cxd6
fxe6 23.Rxc6 Ba6 24.Rb1 Bd3 25.Rb2 Bxe4 26.Rc7 Nf6 27.Nc3 Bd5 28.Bg5 Rf7
29.Rb5 Kf8 {#r} 1-0

[Event "Ch Europe (blitz)"]
[Site "masterchessopen.com - Panormo (Greece)"]
[Round "11"]
[White "Sakaev Konstantin (RUS)"]
[Black "Nielsen Peter Heine (DEN)"]
[Result "0-1"]
[WhiteElo "2645"]
[BlackElo "2620"]

1.d4 Nf6 2.c4 d6 3.Nc3 Nbd7 4.e4 e5 5.Nf3 Be7 6.Be2 c6 7.O-O a6 8.d5 Nc5 9.Nd2
a5 10.b3 O-O 11.Rb1 Bd7 12.a3 cxd5 13.cxd5 b5 14.b4 axb4 15.axb4 Na4 16.Nxa4
Rxa4 17.Bd3 Qb6 18.Bc2 Ra2 19.Nb3 Rc8 20.Be3 Qxe3 21.fxe3 Rcxc2 22.Qf3 Bg4
23.Qg3 h5 24.h3 Nxe4 25.Qh2 Bd7 26.Nc1 Ra3 27.Nb3 Bg5 28.Rf3 h4 29.Kh1 Rxb3
30.Ra1 {#R} 0-1

[Event "Tournament"]
[Site "masterchessopen.com - St. Petersburg (Russia)"]
[Round "3"]
[White "Abramov Valentin (RUS)"]
[Black "Onatsevich Oleg (RUS)"]
[Result "1-0"]
[WhiteElo "2243"]
[BlackElo "2291"]

1.d4 d6 2.Nf3 Nf6 3.c4 Nbd7 4.Nc3 e5 5.e4 exd4 6.Nxd4 g6 7.Be3 Bg7 8.f3 O-O
9.Qd2 Re8 10.Be2 Nc5 11.O-O-O Ne6 12.g4 Nxd4 13.Bxd4 a6 14.h4 Bd7 15.h5 Bc6
16.hxg6 hxg6 17.Rh2 b5 18.Rdh1 b4 19.Nd5 Bxd5 20.cxd5 a5 21.Qg5 Kf8 22.Rh8+
Ng8 23.Bxg7+ Kxg7 24.R1h7+ Kf8 25.Qh6+ Ke7 26.Qxg6 {#r} 1-0

[Event "It \"]
[Site "masterchessopen.com - Alushta (Ukraine)"]
[Round "11"]
[White "Svirjov Igor (EST)"]
[Black "Petukhov Dmitry (RUS)"]
[Result "1-0"]
[WhiteElo "2503"]
[BlackElo "2248"]

1.d4 Nf6 2.c4 d6 3.Nc3 e5 4.Nf3 Nbd7 5.e4 c6 6.Be2 a6 7.O-O b5 8.cxb5 axb5
9.b4 Bb7 10.a4 bxa4 11.Rxa4 Be7 12.Rxa8 Qxa8 13.Bb2 O-O 14.Qd2 h6 15.Ra1 Qb8
16.Qc2 Rc8 17.Qb3 Ba8 18.dxe5 dxe5 19.Bc4 Rf8 20.Nh4 Qxb4 21.Bxf7+ Kh7 22.Ng6
Rxf7 23.Qxf7 Qxb2 24.Rb1 Qxc3 25.Nxe7 Qc2 26.Qg6+ Kh8 27.Ra1 Bb7 28.Nf5 {#r}
1-0